100 TV Shows From The 2010s Quiz Stats

 Plays Quiz Updated Sep 27, 2019

Score 0/100 Timer 20:00
9 Plays Today
% Correct
Game of Thrones
98.6%
Orange is the New Black
94%
The Walking Dead
87.3%
Stranger Things
87.1%
The Flash
86.9%
2 Broke Girls
79.8%
Supergirl
79.7%
The Handmaid's Tale
75.1%
BoJack Horseman
72.9%
New Girl
72.8%
Brooklyn Nine-Nine
68.8%
House of Cards
67.3%
The Good Place
66.3%
Arrow
65.4%
Young Sheldon
63.5%
Empire
63.3%
Black-ish
60.8%
Jane the Virgin
59.1%
Adventure Time
57.9%
Daredevil
57.9%
Rick and Morty
57.6%
Veep
56.5%
The Good Doctor
54%
How to Get Away with Murder
53.4%
Better Call Saul
53.3%
The Crown
53.3%
A Series of Unfortunate Events
53.1%
Homeland
53%
13 Reasons Why
51.4%
Unbreakable Kimmy Schmidt
51.4%
Pretty Little Liars
51.2%
Nashville
49.5%
Chicago Fire
48.8%
The Mindy Project
48.5%
% Correct
Boardwalk Empire
47.1%
Suits
46.8%
Chilling Adventures of Sabrina
45.9%
Riverdale
45.5%
Hannibal
45.5%
Luther
45%
True Detective
44.9%
Mr. Robot
44.8%
Bates Motel
44.7%
This Is Us
44.6%
Elementary
44.2%
Scandal
44%
Atlanta
43.1%
Westworld
42.5%
Luke Cage
42.4%
Killing Eve
42.4%
The Americans
42%
Outlander
41%
Shameless
40.5%
Once Upon a Time
39.4%
Gotham
39.3%
Bodyguard
38.1%
Agent Carter
37.4%
The Goldbergs
36.5%
The Blacklist
35.6%
Transparent
34.4%
The Marvelous Mrs. Maisel
33.6%
Girls
32.4%
Pan Am
31.5%
Lethal Weapon
31.5%
American Crime Story
31%
Fargo
30%
Lucifer
29.8%
American Horror Story
29.6%
% Correct
Preacher
28.8%
Downton Abbey
28.7%
Fleabag
28.6%
Good Omens
27.8%
Quantico
27.4%
Mindhunter
26.5%
Madam Secretary
25.8%
The Borgias
24.2%
Blue Bloods
23.8%
Revenge
23.8%
Disenchantment
23.2%
Black Lightning
22.9%
Steven Universe
22.5%
Scorpion
22.4%
Parenthood
21.5%
Blindspot
20.9%
Teen Wolf
20.6%
Masters of Sex
20.6%
Crazy Ex-Girlfriend
19.2%
Orphan Black
18.9%
Raising Hope
18.9%
The Sinner
18.3%
The Following
16.8%
The Haunting of Hill House
16.3%
The Fosters
15.7%
Mozart in the Jungle
15%
The Knick
14.3%
Code Black
13.1%
The Alienist
11.1%
Beauty and the Beast
11%
The Crazy Ones
9.7%
Happy Endings
9.4%

You're not logged in!

Compare scores with friends on all Sporcle quizzes.
OR
Log In

Sporcle TV

Today on Sporcle TV


Watch our educational content, quiz creation guides, and fun videos on Sporcle TV.

Show Comments

Extras

Top Quizzes Today


Score Distribution

Your Account Isn't Verified!

In order to create a playlist on Sporcle, you need to verify the email address you used during registration. Go to your Sporcle Settings to finish the process.

Report this User

Report this user for behavior that violates our Community Guidelines.

Details: